000 00504nam a22001697a 4500
008 151111b xxu||||| |||| 00| 0 eng d
020 _a0132489635
041 0 _aeng
080 _a621.318
100 1 _aSkitek, G. G.
245 1 0 _aElectromagnetic concepts and applications /
_cG.G. Skitek, S.V. Marshall.
260 _aEnglewood Cliffs, N.J. :
_bPrentice-Hall,
_c1982.
300 _axvii, 510 f. :
_bme il.;
_c24 cm.
650 0 _aTeoria elektromagnetike
700 1 _aMarshall, S. V.
942 _2udc
_cBK
999 _c1355
_d1355